000 00733cam a2200253 a 4500
001 000007754
005 20200929154304.0
008 760428s1976 sp 000 f spa
020 _a8423309398
040 _aDO-SdBNP
_cDLC
_dDLC
082 _a863.64
_bU49n, 1976
100 1 _aUmbral, Francisco,
_d1932-2007
_915614
245 1 4 _aLas ninfas /
_cFrancisco Umbral.
250 _a12a ed.
260 _aBarcelona :
_bDestino,
_c1976.
300 _a247 p. ;
_c19 cm.
490 1 _aÁncora y delfín
_v481
586 _a"Premio Eugenio Nadal 1975".
650 4 _aNovela española
_91123
650 4 _aLiteratura española
_9632
830 0 _aÁncora y delfín ;
_v481
_94704
910 _aCatalogación por copia / LC
910 _aWM
999 _c7532
_d7532